| 000 | 00934cab a22002055a 4500 | ||
|---|---|---|---|
| 001 | L158094 | ||
| 008 | 140513e2014 xxk 000 0 eng d | ||
| 035 | _a(Sirsi) u158094 | ||
| 041 | 0 | _aeng | |
| 100 | 1 | _aLundy, Anna | |
| 245 | 0 | 0 | _aFire safety in commercial premises |
| 260 | _c2014 | ||
| 490 |
_aJournal of Building Survey, Appraisal & Valuation _v2(4) Winter 2013-14, 327-331(5) |
||
| 590 | _aLooks at the management of fire safety in commercial premises in accordance with the Regulatory Reform (Fire Safety) Order 2005. The 2005 Order puts the onus on the deemed responsbile person for health and safety issues within building taking responsibility for fire safety including carrying out risk assessments and creates criminal offences for breaches. | ||
| 650 | 2 | 4 | _aREGULATORY REFORM (FIRE SAFETY) ORDER 2005 |
| 651 | 4 |
_aEngland and Wales _y1543- |
|
| 700 | 1 | _aYoung, David | |
| 700 | 1 | _aCoombes, Amy | |
| 942 |
_n0 _2ddc |
||
| 999 |
_c84516 _d84516 |
||